Incidents of travel in central America, Chiapas and Yucatan
Αποθηκεύτηκε σε:
| Κύριος συγγραφέας: | |
|---|---|
| Μορφή: | Βιβλίο |
| Γλώσσα: | English |
| Δημοσίευση: |
New York :
Dover Publications,
c1969.
|
| Θέματα: | |
| Ετικέτες: |
Προσθήκη ετικέτας
Δεν υπάρχουν, Καταχωρήστε ετικέτα πρώτοι!
|
MARC
| LEADER | 00000nam a2200000 a 4500 | ||
|---|---|---|---|
| 001 | 1/127207 | ||
| 008 | 230905s1969####nyua ||| |||| ||eng|| | ||
| 020 | |a 048622404X |q (τ. 1) | ||
| 020 | |a 0486224058 |q (τ. 2) | ||
| 040 | |a GR-MyUa |b gre |c GR-MyUa |e AACR2 | ||
| 041 | 0 | |a eng | |
| 082 | 7 | |a 917.2804 |2 (23) | |
| 100 | 1 | |a Stephens, John L., |d 1805-1852. | |
| 245 | 1 | 0 | |a Incidents of travel in central America, Chiapas and Yucatan / |c John L. Stephens with illustrations by Frederick Catherwood. |
| 260 | |a New York : |b Dover Publications, |c c1969. | ||
| 300 | |a 2 τ. : |b εικ. ; |c 22 εκ. | ||
| 651 | 0 | |a Central America |x Description and travel. | |
| 651 | 0 | |a Yucatán (Mexico : State) |x Description and travel. | |
| 651 | 0 | |a Chiapas (Mexico) |x Description and travel. | |
| 651 | 0 | |a Central America |x Antiquities. | |
| 650 | 0 | |a Mayas |x Antiquities. | |
| 852 | |a INST |b LESVOS |e 20230905 |h 917.2804 STE |p 005100065068 |q 005100065068 |t BK |v τ.2: |y 0 | ||
| 852 | |a INST |b LESVOS |e 20230905 |h 917.2804 STE |p 005100065069 |q 005100065069 |t BK |v τ.1: |y 0 | ||
| 853 | |a INST |b LESVOS |h 917.2804 STE | ||
| 970 | |a Καμάτσου |b Δέσποινα |z 05-09-2023 | ||